La democracia: una guía para los ciudadanos
Guardat en:
| Autor principal: | |
|---|---|
| Format: | Llibre |
| Idioma: | espanyol |
| Publicat: |
Buenos Aires
Taurus
1999
|
| Edició: | 1a. ed |
| Col·lecció: | Taurus Pensamiento
|
| Matèries: | |
| Etiquetes: |
Afegir etiqueta
Sense etiquetes, Sigues el primer a etiquetar aquest registre!
|
MARC
| LEADER | 00000cam a2200000 a 4500 | ||
|---|---|---|---|
| 001 | UCM5069 | ||
| 003 | CL-VaPUC | ||
| 008 | 020927e19990000AG |||||||||||||||||spa|d | ||
| 020 | |a 9505114826 | ||
| 082 | 0 | 4 | |a 321.8 |b DAH |2 21 |
| 100 | 0 | |a Dahl, Robert Alan |e author |9 471395 | |
| 245 | 1 | 3 | |a La democracia: una guía para los ciudadanos |
| 250 | |a 1a. ed | ||
| 300 | |a 246 p | ||
| 942 | |c BK | ||
| 945 | |d 20020927 00:00:00 |a cmena | ||
| 260 | |a Buenos Aires |b Taurus |c 1999 | ||
| 650 | 0 | |a Democracia |9 255256 | |
| 650 | 0 | |a Poder político |9 255509 | |
| 650 | 7 | |a IGUALDAD DE DERECHOS |2 CL-VaPUC |9 450533 | |
| 650 | 0 | |a Partidos políticos |9 254999 | |
| 650 | 0 | |a Sistemas electorales |9 326307 | |
| 583 | |a last modification |c 20120628 11:14:21 |k Rodrigo Vera | ||
| 490 | 0 | |a Taurus Pensamiento | |
| 999 | |c 301367 |d 301365 | ||
| 952 | |0 0 |1 0 |4 0 |6 321_800000000000000_DAH_1999 |7 0 |8 A |9 360222 |a BIBHIS |b BIBHIS |d 2019-11-21 |i 3832031 |l 3 |m 1 |o 321.8 DAH 1999 |p 3832031 |r 2025-01-20 |s 2024-06-19 |w 2019-11-21 |y BK |k HIS | ||
| 952 | |0 0 |1 0 |4 0 |6 321_800000000000000_DAH_1999 |7 0 |8 A |9 360223 |a BIBDER |b BIBDER |d 2019-11-21 |i 4879937 |l 1 |o 321.8 DAH 1999 |p 4879937 |r 2024-04-26 |s 2024-04-19 |w 2019-11-21 |y BK |k DER | ||